Fr. Conceicao Rodrigues College of Engineering

Turbo pascal express revised (Record no. 33751)

MARC details
000 -LEADER
fixed length control field 00326nam a2200145Ia 4500
082 ## - DEWEY DECIMAL CLASSIFICATION NUMBER
Classification number 001.6424TP
Item number JOU
100 ## - MAIN ENTRY--PERSONAL NAME
Personal name Jourdain /robert
245 ## - TITLE STATEMENT
Title Turbo pascal express revised
260 ## - PUBLICATION, DISTRIBUTION, ETC.
Name of publisher, distributor, etc. Prentice Hall of India
Place of publication, distribution, etc. New dehli
Date of publication, distribution, etc. 1990
300 ## - PHYSICAL DESCRIPTION
Extent 394
546 ## - LANGUAGE NOTE
Language note ENGLISH
654 ## - SUBJECT ADDED ENTRY--FACETED TOPICAL TERMS
Focus term Pascal
942 ## - ADDED ENTRY ELEMENTS (KOHA)
Koha item type BOOK
Holdings
Withdrawn status Lost status Damaged status Not for loan Collection Home library Current library Shelving location Date acquired Source of acquisition Cost, normal purchase price Inventory number Total Checkouts Full call number Barcode Date last seen Cost, replacement price Price effective from Koha item type
        CRC Fr. Agnel's C.Rodrigues College of Engineering Fr. Agnel's C.Rodrigues College of Engineering   17/03/2023 Book World 79.00 127 dt 12.11.90   001.6424TP JOU 3036 17/03/2023 79.00 12/11/1990 BOOK
        CRC Fr. Agnel's C.Rodrigues College of Engineering Fr. Agnel's C.Rodrigues College of Engineering   17/03/2023 Book World 79.00 127 dt 12.11.90   001.6424TP JOU 3037 17/03/2023 79.00 12/11/1990 BOOK
        CRC Fr. Agnel's C.Rodrigues College of Engineering Fr. Agnel's C.Rodrigues College of Engineering   17/03/2023 Book World 79.00 127 dt 12.11.90   001.6424TP JOU 3038 17/03/2023 79.00 12/11/1990 BOOK